[Event "Washington Open--Reserve Section"]
[Site "Lynnwood, WA"]
[Date "2017.05.28"]
[Round "3"]
[White "Shea  (WA), Adam"]
[Black "Ruff  (WA), Lois"]
[Result "0-1"]
[WhiteElo "1076"]
[BlackElo "1253"]
[PlyCount "117"]
[EventDate "2017.06.02"]
[SourceDate "2017.06.29"]
[SourceVersionDate "2017.06.29"]

1. e4 e6 2. d4 d5 3. Nd2 c5 4. c3 Nc6 5. Ngf3 Nf6 6. e5 Nd7 7. Bd3 c4 8. Bc2 f6
9. exf6 Nxf6 10. Nf1 Bd6 11. Bg5 O-O 12. Ne3 Be7 13. O-O Bd7 14. Re1 Ne4 15.
Bxe7 Nxe7 16. Bxe4 dxe4 17. Ne5 b5 18. Nxd7 Qxd7 19. Ng4 Rf4 20. Ne5 Qc7 21. g3
Rf6 22. Rxe4 Raf8 23. f3 Nc6 24. Re3 Nxe5 25. dxe5 Rf5 26. Qe2 Qb6 27. Rf1 Rxe5
28. Re1 Rd8 29. Kg2 Rxe3 30. Qxe3 Qxe3 31. Rxe3 Rd2+ 32. Kh3 Kf7 33. b4 Rxa2
34. Re5 a6 35. g4 h6 36. Kg3 g5 37. h4 Kf6 38. hxg5+ hxg5 39. Re3 e5 40. Re1 a5
41. bxa5 Rxa5 42. Rb1 Ke6 43. Kf2 Kd5 44. Ke3 Kc5 45. Ke4 Ra3 46. Rc1 b4 47.
cxb4+ Kxb4 48. Kxe5 Rxf3 49. Rb1+ Rb3 50. Rf1 c3 51. Kf5 c2 52. Rc1 Kc3 53.
Kxg5 Rb1 54. Rxc2+ Kxc2 55. Kg6 Kd3 56. g5 Ke4 57. Kg7 Ke5 58. g6 Rb6 59. Kh7
0-1

[Event "Washington Open--Reserve Section"]
[Site "Lynnwood, WA"]
[Date "2017.05.28"]
[Round "3"]
[White "Ranganathan  (WA), Ananta"]
[Black "Subramanian  (WA), Nithya"]
[Result "1-0"]
[WhiteElo "1322"]
[BlackElo "1063"]
[PlyCount "105"]
[EventDate "2017.06.02"]
[SourceDate "2017.06.30"]
[SourceVersionDate "2017.06.30"]

1. d4 d5 2. c4 c6 3. Nf3 Bg4 4. cxd5 cxd5 5. e3 e6 6. Bb5+ Nd7 7. Qa4 Bxf3 8.
gxf3 Ngf6 9. Nc3 a6 10. Bd3 Be7 11. e4 h6 12. Rg1 Bf8 13. Be3 Ng8 14. exd5 exd5
15. Nxd5 Ne7 16. Nxe7 Qxe7 17. Rg4 Qb4+ 18. Qxb4 Bxb4+ 19. Kf1 Bf8 20. Re1 Kd8
21. d5 Bc5 22. Rxg7 Bxe3 23. Rxe3 Rf8 24. d6 Kc8 25. Bf5 Kd8 26. Re7 Nb6 27.
Rgxf7 Rxf7 28. Rxf7 Ke8 29. Rxb7 Nd5 30. Bd7+ Kf8 31. Bc6 Nf4 32. Rh7 Kg8 33.
Rxh6 Rc8 34. d7 Rb8 35. Rd6 Rd8 36. Ke1 Kf7 37. Kd2 Ke7 38. Rh6 Ne6 39. Kc3 Nc5
40. Kc4 Nxd7 41. Rh7+ Ke6 42. Bxd7+ Rxd7 43. Rxd7 Kxd7 44. Kd5 Kc7 45. f4 Kd7
46. b4 Ke7 47. a4 Kd7 48. b5 a5 49. h4 Ke7 50. h5 Kf7 51. b6 Kg7 52. b7 Kh6 53.
b8=Q 1-0

[Event "Washington Open--Open Section"]
[Site "Lynnwood, WA"]
[Date "2017.05.28"]
[Round "3"]
[White "Tafalla  (WA), Gabriel "]
[Black "Perez  (WA), Ignacio"]
[Result "0-1"]
[WhiteElo "1883"]
[BlackElo "2233"]
[PlyCount "104"]
[EventDate "2017.06.02"]
[SourceDate "2017.06.30"]
[SourceVersionDate "2017.06.30"]

1. e4 d6 2. d4 g6 3. Nf3 Bg7 4. Bc4 Nf6 5. Nc3 O-O 6. O-O Nxe4 7. Nxe4 d5 8.
Bd3 dxe4 9. Bxe4 Nd7 10. c3 c5 11. Be3 cxd4 12. Bxd4 e5 13. Be3 Qc7 14. Qd2 Nc5
15. Bc2 Bg4 16. Ng5 Rad8 17. Qc1 Be2 18. Re1 Nd3 19. Bxd3 Bxd3 20. a4 Rd6 21.
a5 f6 22. Nf3 Ra6 23. b4 Rc8 24. Ra3 b6 25. axb6 axb6 26. Rxa6 Bxa6 27. Qa3 Bb7
28. Nd2 b5 29. Bc5 Ra8 30. Qb3+ Qf7 31. Qxf7+ Kxf7 32. c4 Bh6 33. Be3 Bxe3 34.
fxe3 Ra2 35. Rd1 bxc4 36. Nxc4 Rxg2+ 37. Kf1 Bf3 38. Rd7+ Ke6 39. Rxh7 Ra2 40.
Nb6 Rb2 41. Nd7 Rxb4 42. Kf2 Bc6 43. Nf8+ Kf5 44. h4 Rb2+ 45. Kg3 Rg2+ 46. Kh3
Re2 47. h5 g5 48. Rc7 g4+ 49. Kg3 Rg2+ 50. Kh4 Rh2+ 51. Kg3 Rh3+ 52. Kf2 g3+
0-1

[Event "Washington Open--Open Section"]
[Site "Lynnwood, WA"]
[Date "2017.05.28"]
[Round "3"]
[White "Feldman  (OR), Konner"]
[Black "Zhang  (WA), Zachary "]
[Result "0-1"]
[WhiteElo "1683"]
[BlackElo "1821"]
[PlyCount "132"]
[EventDate "2017.06.02"]
[SourceDate "2017.06.30"]
[SourceVersionDate "2017.06.30"]

1. d4 f5 2. e4 fxe4 3. Nc3 Nf6 4. f3 d5 5. fxe4 dxe4 6. Bc4 Nc6 7. Nge2 Bf5 8.
O-O e6 9. h3 Na5 10. Bb3 Nxb3 11. axb3 Qd7 12. Bf4 Bd6 13. Qd2 O-O 14. Ng3 Bxf4
15. Rxf4 Rfd8 16. Ncxe4 Nxe4 17. Nxe4 e5 18. Nc5 Qf7 19. Rh4 Qe7 20. Qf2 Bxc2
21. Re1 Qf6 22. dxe5 Qxf2+ 23. Kxf2 b6 24. Rc4 Rd2+ 25. Re2 Rxe2+ 26. Kxe2 Bf5
27. g4 Bg6 28. Nd7 c5 29. b4 Bf7 30. Re4 Be6 31. Nxc5 bxc5 32. bxc5 Rc8 33. b4
a6 34. Kd3 Kf8 35. h4 Ke7 36. Rd4 Rd8 37. g5 Rxd4+ 38. Kxd4 Kd7 39. Kc3 Kc6 40.
Kd4 Kb5 41. Kc3 g6 42. Kd3 Kxb4 43. c6 Kb5 44. c7 Kb6 45. Kd4 Kxc7 46. Kc5 a5
47. Kb5 a4 48. Kxa4 Kc6 49. Kb4 Kd5 50. Kc3 Kxe5 51. Kd3 Kf4 52. Kd4 Kg4 53.
Ke5 Bf5 54. Kf6 Kxh4 55. Kg7 Kxg5 56. Kxh7 Kh5 57. Kh8 g5 58. Kg7 g4 59. Kg8 g3
60. Kg7 g2 61. Kg8 Bg4 62. Kg7 g1=Q 63. Kh8 Qd4+ 64. Kh7 Qd7+ 65. Kh8 Kg6 66.
Kg8 Qd8# 0-1

[Event "Washington Open--Reserve Section"]
[Site "Lynnwood, WA"]
[Date "2017.05.28"]
[Round "3"]
[White "Christy  (WA), John"]
[Black "Gregson  (WA), Daniel"]
[Result "1/2-1/2"]
[WhiteElo "1451"]
[BlackElo "1304"]
[PlyCount "125"]
[EventDate "2017.06.02"]
[SourceDate "2017.06.30"]
[SourceVersionDate "2017.06.30"]

1. Nf3 c5 2. c3 Nc6 3. d4 d5 4. e3 c4 5. Nbd2 Nf6 6. g3 e6 7. Bg2 Bd6 8. O-O
O-O 9. Re1 b5 10. e4 b4 11. e5 bxc3 12. bxc3 Ne4 13. exd6 Nxc3 14. Qc2 Nb5 15.
Bb2 Qxd6 16. a4 Nb4 17. Qb1 c3 18. axb5 cxb2 19. Qxb2 Nd3 20. Qc2 Nxe1 21. Rxe1
Bb7 22. Ne5 Rfc8 23. Qb2 a5 24. bxa6 Bxa6 25. Rc1 Rxc1+ 26. Qxc1 Rc8 27. Qb1
Qc7 28. f4 f6 29. Nef3 Rb8 30. Qe1 Qd6 31. Bh3 Re8 32. Nb3 Kf7 33. Nc5 Bc8 34.
Qa5 Bd7 35. Qa7 Re7 36. Qa5 Bc8 37. Bf1 h6 38. Bd3 g6 39. Qa8 Qc7 40. Kf2 Kg7
41. Qa4 Bd7 42. Nxd7 Rxd7 43. Qc2 Qxc2+ 44. Bxc2 g5 45. fxg5 hxg5 46. g4 Re7
47. Bb3 Rb7 48. Nd2 Rc7 49. Ke2 Rc3 50. Bd1 Rh3 51. Nf1 e5 52. dxe5 fxe5 53.
Bc2 e4 54. Bxe4 dxe4 55. Ng3 Rxh2+ 56. Ke3 Rh3 57. Kf2 e3+ 58. Kg2 Rxg3+ 59.
Kxg3 e2 60. Kf2 e1=Q+ 61. Kxe1 Kf6 62. Kf2 Ke5 63. Ke3 1/2-1/2

[Event "Washington Open--Open Section"]
[Site "Lynnwood, WA"]
[Date "2017.05.28"]
[Round "3"]
[White "Zavortink  (OR), Matt"]
[Black "Zhang  (WA), Brendan"]
[Result "1/2-1/2"]
[WhiteElo "2229"]
[BlackElo "2024"]
[PlyCount "120"]
[EventDate "2017.06.02"]
[SourceDate "2017.07.01"]
[SourceVersionDate "2017.07.01"]

1. d4 Nf6 2. Bf4 e6 3. e3 d5 4. Nd2 c5 5. c3 Nc6 6. Ngf3 cxd4 7. exd4 Nh5 8.
Be3 Bd6 9. Ne5 g6 10. Be2 Ng7 11. Ndf3 f6 12. Nxc6 bxc6 13. c4 O-O 14. Qd2 a5
15. O-O Ba6 16. Rac1 Rf7 17. Bf4 Nf5 18. Bd3 Qb8 19. Bxd6 Nxd6 20. b3 Qb4 21.
Rfe1 Re7 22. Qf4 Rf8 23. a3 Qxa3 24. Ra1 Qb4 25. Ra4 e5 26. Rxb4 exf4 27. Rb6
Rxe1+ 28. Nxe1 Re8 29. Kf1 dxc4 30. Rxa6 cxd3 31. Nxd3 Ne4 32. Rxc6 Nd2+ 33.
Kg1 Nxb3 34. d5 g5 35. f3 Rd8 36. d6 Kf7 37. Rb6 a4 38. Ra6 Ke6 39. d7+ Kxd7
40. Rxa4 Ke6 41. Nf2 Nc5 42. Rc4 Rd5 43. Ne4 Nxe4 44. Rxe4+ Re5 45. Ra4 h5 46.
Kf2 Rb5 47. Ra2 Rb6 48. Re2+ Kf7 49. Ra2 f5 50. h3 Rf6 51. Rc2 g4 52. hxg4 fxg4
53. fxg4 hxg4 54. Ra2 Rb6 55. Ra5 g3+ 56. Kf1 Rb1+ 57. Ke2 Rb2+ 58. Kf1 Rf2+
59. Kg1 Rd2 60. Kf1 Rd4 1/2-1/2

[Event "Washington Open--Open Section"]
[Site "Lynnwood, WA"]
[Date "2017.05.28"]
[Round "3"]
[White "Madsen  (DEN), Jens"]
[Black "Levine  (WA), Joseph"]
[Result "1-0"]
[WhiteElo "2054"]
[BlackElo "1830"]
[PlyCount "131"]
[EventDate "2017.06.02"]
[SourceDate "2017.07.01"]
[SourceVersionDate "2017.07.01"]

1. d4 d5 2. Bf4 Nf6 3. e3 e6 4. Nd2 c5 5. c3 Nc6 6. Ngf3 Bd7 7. Be2 Be7 8. Qb3
Na5 9. Qc2 c4 10. Ne5 b5 11. O-O O-O 12. Bg3 Nc6 13. Nxd7 Qxd7 14. f3 Bd6 15.
e4 e5 16. dxe5 Nxe5 17. Rad1 Ng6 18. Rfe1 Bxg3 19. hxg3 Qc7 20. f4 dxe4 21.
Nxe4 Nxe4 22. Qxe4 Rad8 23. Bf3 Qb6+ 24. Kh2 a5 25. f5 Nh8 26. Qc6 Qxc6 27.
Bxc6 b4 28. Rxd8 Rxd8 29. Re4 bxc3 30. bxc3 f6 31. Bb5 Kf8 32. Bxc4 Re8 33.
Rxe8+ Kxe8 34. Kg1 Ke7 35. Kf2 Kd6 36. Ke3 Ke5 37. g4 h5 38. gxh5 Kxf5 39. Bd5
Kg5 40. c4 Kxh5 41. c5 Kh4 42. c6 Ng6 43. c7 Ne7 44. Kf3 g5 45. Be6 a4 46. c8=Q
Nxc8 47. Bxc8 a3 48. Bf5 Kh5 49. g4+ Kh4 50. Ke4 Kg3 51. Kd5 Kf2 52. Ke6 Ke3
53. Kxf6 Kf4 54. Kg6 Ke5 55. Kxg5 Kd6 56. Kf6 Kc7 57. g5 Kd8 58. Kf7 Kc7 59. g6
Kd6 60. g7 Ke5 61. Be6 Kd4 62. g8=Q Kc3 63. Qg7+ Kc2 64. Bf5+ Kc1 65. Qc3+ Kd1
66. Bg4# 1-0

[Event "Washington Open--Open Section"]
[Site "Lynnwood, WA"]
[Date "2017.05.28"]
[Round "4"]
[White "Moore  (OR), Michael"]
[Black "Anand  (WA), Vignesh"]
[Result "1/2-1/2"]
[WhiteElo "1698"]
[BlackElo "1850"]
[PlyCount "57"]
[EventDate "2017.06.02"]
[SourceDate "2017.07.01"]
[SourceVersionDate "2017.07.01"]

1. e4 c5 2. Nf3 d6 3. d4 cxd4 4. Nxd4 Nf6 5. Nc3 a6 6. Be2 Qc7 7. Be3 Nbd7 8.
O-O e6 9. f4 b5 10. a3 Bb7 11. Bf3 Nc5 12. e5 Nfe4 13. Nxe4 Nxe4 14. exd6 Bxd6
15. Qd3 Nc5 16. Qe2 O-O 17. Bxb7 Qxb7 18. Rad1 Rfd8 19. Rf3 Na4 20. c3 Nb6 21.
Rh3 Nd5 22. f5 Nxe3 23. Qxe3 exf5 24. Nxf5 Qc7 25. Nxd6 Rxd6 26. Rxd6 Qxd6 27.
Qe4 Qd1+ 28. Kf2 Qd2+ 29. Kf1 1/2-1/2

[Event "Washington Open--Booster Section"]
[Site "Lynnwood, WA"]
[Date "2017.05.28"]
[Round "4"]
[White "Radke  (WA), Alex"]
[Black "Raj  (WA), Vishruth"]
[Result "0-1"]
[WhiteElo "107"]
[BlackElo "731"]
[PlyCount "46"]
[EventDate "2017.06.02"]
[SourceDate "2017.07.01"]
[SourceVersionDate "2017.07.01"]

1. e4 e6 2. d4 d5 3. exd5 exd5 4. Nf3 Nf6 5. Bb5+ c6 6. Ba4 b5 7. Bb3 Be7 8.
Nc3 O-O 9. O-O a5 10. a4 Bg4 11. h4 bxa4 12. Bxa4 Bh5 13. Ne5 Bxd1 14. Nxc6
Nxc6 15. Bxc6 Rc8 16. Rxd1 Rxc6 17. Rxa5 Qxa5 18. g4 Rxc3 19. bxc3 Qxc3 20. g5
Ne4 21. Kg2 Qxc2 22. Re1 Qxf2+ 23. Kh1 Ng3# 0-1

[Event "Washington Open--Booster Section"]
[Site "Lynnwood, WA"]
[Date "2017.05.28"]
[Round "4"]
[White "Keyser  (WA), Harrison"]
[Black "Borden  (WA), Drake"]
[Result "1/2-1/2"]
[WhiteElo "1159"]
[BlackElo "1459"]
[PlyCount "73"]
[EventDate "2017.06.02"]
[SourceDate "2017.07.01"]
[SourceVersionDate "2017.07.01"]

1. e4 e5 2. Bc4 Nf6 3. d4 exd4 4. Nf3 Bb4+ 5. c3 dxc3 6. Bxf7+ Kxf7 7. Qb3+ Ke8
8. Qxb4 cxb2 9. Bxb2 Qe7 10. Qxe7+ Kxe7 11. O-O Nc6 12. Nc3 Kf7 13. e5 Ne8 14.
Nd5 d6 15. exd6 cxd6 16. Rfe1 Nf6 17. Nxf6 gxf6 18. Ng5+ Kg6 19. Ne4 Ne5 20.
Nxd6 Nd3 21. Re2 Nxb2 22. Rxb2 b6 23. Nxc8 Raxc8 24. f4 Rc7 25. Rd1 Rhc8 26.
Rbd2 Rc2 27. Kf2 Kf5 28. g3 h5 29. a4 R8c4 30. Rxc2 Rxc2+ 31. Ke3 Rxh2 32. a5
Ra2 33. axb6 axb6 34. Rb1 Ra3+ 35. Kf2 Ra6 36. Ke3 Ra3+ 37. Kf2 1/2-1/2

[Event "Washington Open--Reserve Section"]
[Site "Lynnwood, WA"]
[Date "2017.05.28"]
[Round "4"]
[White "Rompogren  (WA), Michael"]
[Black "Johnson  (WA), Cleve"]
[Result "0-1"]
[WhiteElo "1718"]
[BlackElo "1537"]
[PlyCount "74"]
[EventDate "2017.06.02"]
[SourceDate "2017.07.01"]
[SourceVersionDate "2017.07.01"]

1. e4 e5 2. Nf3 d6 3. Nc3 Nc6 4. Bc4 Nf6 5. O-O g6 6. d3 Bg7 7. h3 O-O 8. Ne2
a6 9. c3 b5 10. Bb3 b4 11. Bd2 Rb8 12. Qc1 bxc3 13. bxc3 Na5 14. Bc2 Bd7 15.
Bh6 Re8 16. Bxg7 Kxg7 17. Ng3 c5 18. Kh2 h6 19. Re1 Be6 20. Re2 Re7 21. Nf1
Reb7 22. N1d2 Qc8 23. Nf1 Nh5 24. Ng1 Nf4 25. Re3 Rb2 26. Ne2 Bxa2 27. Nxf4
exf4 28. Rf3 g5 29. g3 Be6 30. Rxa5 Bxh3 31. gxf4 Bxf1 32. fxg5 Qg4 33. gxh6+
Kf8 34. Rg3 Qe2 35. Kg1 Rxc2 36. Qxf1 Rb1 37. Rg8+ Kxg8 0-1

[Event "Washington Open--Booster Section"]
[Site "Lynnwood, WA"]
[Date "2017.05.28"]
[Round "4"]
[White "Ryan  (WA), Stephen"]
[Black "Vijan  (WA), Dylan"]
[Result "1-0"]
[WhiteElo "1288"]
[BlackElo "935"]
[PlyCount "61"]
[EventDate "2017.06.02"]
[SourceDate "2017.07.01"]
[SourceVersionDate "2017.07.01"]

1. e4 e5 2. Nf3 Nc6 3. Bc4 Bc5 4. c3 Nf6 5. d3 d6 6. Bb3 O-O 7. Be3 Bxe3 8.
fxe3 Bg4 9. h3 Be6 10. Nbd2 d5 11. Ng5 Rc8 12. Nxe6 fxe6 13. exd5 Nxd5 14. Nf1
Na5 15. Bc2 c5 16. Qg4 Rc6 17. Qg3 Qd6 18. Nd2 Ne7 19. O-O-O Nf5 20. Qe1 Rb6
21. g4 Ne7 22. Qh4 Qd7 23. Nc4 Nxc4 24. dxc4 Rd6 25. Bxh7+ Kf7 26. Rhf1+ Ke8
27. Qh5+ g6 28. Bxg6+ Nxg6 29. Qxg6+ Rf7 30. Qg8+ Ke7 31. Rxf7# 1-0

[Event "Washington Open--Open Section"]
[Site "Lynnwood, WA"]
[Date "2017.05.28"]
[Round "4"]
[White "Campbell  (WA), Tim"]
[Black "McCoy  (OR), Owen"]
[Result "0-1"]
[WhiteElo "1780"]
[BlackElo "2049"]
[PlyCount "76"]
[EventDate "2017.06.02"]
[SourceDate "2017.07.02"]
[SourceVersionDate "2017.07.02"]

1. e4 c5 2. Nf3 d6 3. d4 cxd4 4. Qxd4 Nc6 5. Bb5 Bd7 6. Bxc6 Bxc6 7. Nc3 Nf6 8.
Bg5 e6 9. O-O-O Be7 10. Bxf6 Bxf6 11. Qxd6 Qxd6 12. Rxd6 Bxc3 13. bxc3 Bxe4 14.
Ne5 Rc8 15. f3 Bd5 16. c4 Bxc4 17. Nxc4 Rxc4 18. Rhd1 O-O 19. Rd7 Ra4 20. Rxb7
Rxa2 21. Rdd7 a6 22. Ra7 h5 23. Kb1 Ra4 24. Rdb7 g6 25. Kb2 Rd4 26. g3 Rd2 27.
h3 Rh2 28. g4 h4 29. Rxa6 Rxh3 30. Rb3 Rh1 31. f4 Kg7 32. c4 Rc8 33. Ra4 h3 34.
g5 h2 35. Rh3 Rh8 36. Raa3 Rb8+ 37. Kc2 Rhb1 38. Ra8 R8b2+ 0-1

[Event "Washington Open--Open Section"]
[Site "Lynnwood, WA"]
[Date "2017.05.28"]
[Round "4"]
[White "Bishop  (WA), Alan"]
[Black "Pupols  (WA), Viktors"]
[Result "0-1"]
[WhiteElo "2038"]
[BlackElo "2200"]
[Annotator "Murlin"]
[PlyCount "79"]
[EventDate "2017.06.02"]
[SourceDate "2017.07.03"]
[SourceVersionDate "2017.07.03"]

1. e4 c6 2. d4 d5 3. Nc3 dxe4 4. Nxe4 Bf5 5. Ng3 Bg6 6. N1e2 e6 7. Nf4 Bd6 8.
Nfh5 Bf8 9. c3 Nd7 10. Bc4 Ngf6 11. Nf4 Bd6 12. Qe2 Bxf4 13. Bxf4 Nd5 14. Bd2
Qh4 15. O-O O-O 16. f4 Rfe8 17. Rae1 f5 18. a4 N7f6 19. Qf3 Ne4 20. Nxe4 fxe4
21. Qg3 Qxg3 22. hxg3 h5 23. Bb3 Bf5 24. c4 Nf6 25. Bc3 Kh7 26. a5 Kg6 27. Bc2
Rad8 28. Rf2 Rh8 29. Rd2 h4 30. Kf2 Ng4+ 31. Kg1 e3 32. Rde2 hxg3 33. Bxf5+
exf5 34. Rxe3 Nxe3 35. Rxe3 Rh4 36. Rxg3+ Rg4 37. Rf3 Kf7 38. Kf2 Rh4 39. Kg3
Rh1 40. Re3 {time} 0-1

[Event "Washington Open--Reserve Section"]
[Site "Lynnwood, WA"]
[Date "2017.05.28"]
[Round "4"]
[White "Feldman  (OR), Neena"]
[Black "Shea  (WA), Adam"]
[Result "1-0"]
[WhiteElo "1242"]
[BlackElo "1076"]
[PlyCount "66"]
[EventDate "2017.06.02"]
[SourceDate "2017.07.03"]
[SourceVersionDate "2017.07.03"]

1. d4 d5 2. Nf3 Nf6 3. e3 e6 4. Bd3 c5 5. c3 Bd6 6. Nbd2 Nc6 7. O-O O-O 8. e4
dxe4 9. Nxe4 Nxe4 10. Bxe4 Ne7 11. Bxh7+ Kh8 12. Be4 f5 13. Ng5 g6 14. Bc2 Kg7
15. Re1 Rh8 16. h3 Qg8 17. dxc5 Bxc5 18. Bf4 Nc6 19. b4 Be7 20. Nf3 b6 21. b5
Nd8 22. Be5+ Bf6 23. Bxf6+ Kxf6 24. Qd4+ Ke7 25. Rad1 Bb7 26. Qd7+ Kf6 27. Ne5
Qe8 28. Qd4 Nf7 29. Ng4+ Ke7 30. Qf6+ Kf8 31. Ne5 Bc8 32. Nxg6+ Kg8 33. Nxh8
Nh6 1-0

[Event "Washington Open--Reserve Section"]
[Site "Lynnwood, WA"]
[Date "2017.05.28"]
[Round "4"]
[White "Cicio  (WA), Daniel"]
[Black "Liu  (WA), Nathan"]
[Result "1-0"]
[WhiteElo "1271"]
[BlackElo "1472"]
[PlyCount "95"]
[EventDate "2017.06.02"]
[SourceDate "2017.07.03"]
[SourceVersionDate "2017.07.03"]

1. c4 e5 2. Nc3 Nf6 3. g3 Nc6 4. Bg2 d6 5. e3 Be6 6. Nd5 Be7 7. Ne2 Qd7 8. O-O
h5 9. d4 h4 10. Nxf6+ Bxf6 11. d5 hxg3 12. fxg3 Bh3 13. dxc6 bxc6 14. Rf2 Ke7
15. Qf1 Bxg2 16. Rxg2 Rh5 17. e4 Rah8 18. g4 Rg5 19. Bxg5 Bxg5 20. Qf5 Be3+ 21.
Kh1 Qxf5 22. gxf5 Kf6 23. b3 Rh4 24. Ng3 Ke7 25. f6+ Kxf6 26. Nf5 Rxe4 27. Rf1
Bf4 28. Nxg7 Ke7 29. Nh5 d5 30. Nxf4 exf4 31. cxd5 cxd5 32. Rgf2 c5 33. Rxf4
Rxf4 34. Rxf4 Ke6 35. Kg2 f5 36. Kf3 Ke5 37. h4 a5 38. h5 d4 39. h6 d3 40. h7
d2 41. h8=Q+ Ke6 42. Qa1 d1=Q+ 43. Qxd1 a4 44. Qd3 axb3 45. Rxf5 bxa2 46. Qd5+
Ke7 47. Rf7+ Ke8 48. Qd7# 1-0

[Event "Washington Open--Open Section"]
[Site "Lynnwood, WA"]
[Date "2017.05.28"]
[Round "4"]
[White "Perez  (WA), Ignacio"]
[Black "Tian  (CAN), Shi Yuan"]
[Result "1-0"]
[WhiteElo "2233"]
[BlackElo "1637"]
[PlyCount "83"]
[EventDate "2017.06.02"]
[SourceDate "2017.07.03"]
[SourceVersionDate "2017.07.03"]

1. e4 e6 2. d4 d5 3. Nc3 dxe4 4. Nxe4 Nd7 5. Nf3 Ngf6 6. Nxf6+ Nxf6 7. Bd3 c5
8. O-O cxd4 9. Ne5 a6 10. Bg5 Be7 11. Re1 O-O 12. Qf3 Qc7 13. Qh3 g6 14. c4
dxc3 15. Rac1 Nd5 16. Bh6 Rd8 17. bxc3 Bf6 18. c4 Bxe5 19. cxd5 Qd6 20. Qe3 Bg7
21. Bg5 Re8 22. Bc4 Bd7 23. Bf4 e5 24. Bg5 Rac8 25. Bb3 b5 26. Qd2 Bf5 27. Qa5
f6 28. Bd2 Bf8 29. Rc6 Rxc6 30. dxc6+ Kg7 31. Rc1 Rc8 32. c7 Bd7 33. Be3 e4 34.
h4 Qe5 35. Qd2 Rxc7 36. Rxc7 Qxc7 37. Bh6+ Kh8 38. Bxf8 Bf5 39. Qd4 Qc1+ 40.
Kh2 Qf4+ 41. g3 Qe5 42. Qd8 1-0

[Event "Washington Open--Open Section"]
[Site "Lynnwood, WA"]
[Date "2017.05.28"]
[Round "4"]
[White "Cigan  (OR), Jason"]
[Black "Kuhner  (WA), Mary"]
[Result "0-1"]
[WhiteElo "2220"]
[BlackElo "1910"]
[PlyCount "82"]
[EventDate "2017.06.02"]
[SourceDate "2017.07.03"]
[SourceVersionDate "2017.07.03"]

1. Nf3 e6 2. c4 c6 3. g3 d5 4. Bg2 Bd6 5. O-O Nd7 6. Nc3 Ne7 7. d3 e5 8. e4 d4
9. Ne2 O-O 10. Ne1 b5 11. cxb5 cxb5 12. f4 Qb6 13. Nf3 f6 14. f5 Ba6 15. b4 Bb7
16. Kh1 a5 17. bxa5 Rxa5 18. g4 Kh8 19. Ng3 Rfa8 20. Rf2 Nc5 21. g5 Na4 22.
gxf6 gxf6 23. Nh5 Nc3 24. Qb3 Ng8 25. Bh3 Qc7 26. Rg2 Nxe4 27. dxe4 Bxe4 28.
Rg7 Qc4 29. Qd1 Qc3 30. Bg2 Qxa1 31. Rxh7+ Kxh7 32. Ng5+ fxg5 33. Bxe4 Rc8 34.
f6+ Kh8 35. Bc2 d3 36. Nf4 Nxf6 37. Nxd3 Qc3 38. Bxg5 Qc6+ 39. Kg1 Bc5+ 40.
Nxc5 Qxc5+ 41. Kf1 Rf8 0-1

[Event "Washington Open--Reserve Section"]
[Site "Lynnwood, WA"]
[Date "2017.05.28"]
[Round "4"]
[White "Elisara  (WA), Travis"]
[Black "Menkov  (WA), Artjom"]
[Result "0-1"]
[WhiteElo "1746"]
[BlackElo "1613"]
[PlyCount "82"]
[EventDate "2017.06.02"]
[SourceDate "2017.07.03"]
[SourceVersionDate "2017.07.03"]

1. e4 c5 2. c3 Nc6 3. d4 cxd4 4. cxd4 Qb6 5. Nf3 e6 6. Nc3 Bb4 7. a3 Bxc3+ 8.
bxc3 Nf6 9. Bd3 O-O 10. O-O Qc7 11. Qc2 h6 12. Re1 b6 13. g3 Bb7 14. Bf4 Qd8
15. Bd6 Ne7 16. a4 Ne8 17. Ba3 d6 18. Rab1 Qc7 19. Nd2 Rc8 20. Nc4 Ba6 21. e5
Bxc4 22. Bxc4 Nf5 23. Ba6 Qxc3 24. Qa2 Rd8 25. g4 Nh4 26. Re3 Qxd4 27. Be2 Qxa4
28. Rb4 Qc6 29. Rg3 Ng6 30. g5 hxg5 31. Qd2 Nxe5 32. Qxg5 Rc8 33. Rh4 Ng6 34.
Bd3 Qd5 35. Bxg6 fxg6 36. Qxg6 Qf5 37. Qh6 Qxf2+ 38. Kh1 Qf1+ 39. Rg1 Qf3+ 40.
Rg2 Qd1+ 41. Rg1 Qd5+ 0-1

[Event "Washington Open--Reserve Section"]
[Site "Lynnwood, WA"]
[Date "2017.05.28"]
[Round "4"]
[White "Merrikin  (WA), David"]
[Black "Yan  (WA), Jeffrey"]
[Result "0-1"]
[WhiteElo "1468"]
[BlackElo "1776"]
[PlyCount "91"]
[EventDate "2017.06.02"]
[SourceDate "2017.07.03"]
[SourceVersionDate "2017.07.03"]

1. c4 e5 2. Nc3 Nc6 3. g3 Bb4 4. Nd5 Bc5 5. e3 Nf6 6. Nc3 d5 7. cxd5 Nxd5 8. a3
Nxc3 9. dxc3 Qxd1+ 10. Kxd1 Bg4+ 11. f3 O-O-O+ 12. Ke2 Be6 13. Kf2 Bb3 14. Bh3+
Kb8 15. Ne2 Rd6 16. g4 Rhd8 17. Ng3 Rd1 18. Rxd1 Rxd1 19. Ne4 Bb6 20. Nd2 Na5
21. Bf1 Bc2 22. Be2 Rxd2 23. Bxd2 Nb3 24. Rh1 Nxd2 25. Bd1 Bd3 26. Ba4 Nc4 27.
b3 Nxe3 28. Kg3 c6 29. b4 Nd5 30. Rd1 Be2 31. Rd2 Nxc3 32. Bb3 e4 33. Rd7 exf3
34. Rxf7 f2 35. Kg2 f1=Q+ 36. Rxf1 Bxf1+ 37. Kxf1 Nb5 38. a4 Nd4 39. Bg8 h6 40.
Kg2 Nc2 41. b5 cxb5 42. axb5 Na3 43. Kf3 Nxb5 44. Kf4 Bd4 45. Ke4 Bf6 46. Kd5
0-1

[Event "Washington Open--Booster Section"]
[Site "Lynnwood, WA"]
[Date "2017.05.28"]
[Round "4"]
[White "Nichols  (WA), Paul"]
[Black "Kuang  (WA), Michael"]
[Result "0-1"]
[WhiteElo "741"]
[BlackElo "1033"]
[PlyCount "82"]
[EventDate "2017.06.02"]
[SourceDate "2017.07.04"]
[SourceVersionDate "2017.07.04"]

1. e4 c5 2. Bc4 d6 3. Nf3 Nf6 4. O-O e6 5. Re1 Be7 6. d4 cxd4 7. Nxd4 O-O 8.
Bd3 Bd7 9. e5 dxe5 10. Rxe5 Nc6 11. Re1 Nxd4 12. c3 Nc6 13. Qf3 Bd6 14. Bc2 Qa5
15. Bd2 Qc7 16. g3 Ne5 17. Qg2 Nc4 18. b3 Nxd2 19. Nxd2 Qxc3 20. Nc4 Qxc2 21.
Nxd6 Bc6 22. Qf1 Rfd8 23. Nc4 Ne4 24. Re2 Qc3 25. Rc1 Qf6 26. f3 Nc3 27. Rf2
Nd5 28. Re1 Bb5 29. Rc1 Ne3 30. Qe2 Nxc4 31. bxc4 Rac8 32. Qe3 Ba6 33. Rfc2 Rd4
34. Rc3 Rdxc4 35. Rxc4 Rxc4 36. Rd1 h6 37. f4 Rc3 38. Qxa7 Rd3 39. Rxd3 Bxd3
40. Qe3 Qa1+ 41. Kg2 Qf1# 0-1

[Event "Washington Open-Open Section"]
[Site "Lynnwood, WA"]
[Date "2017.05.28"]
[Round "4"]
[White "Xie  (WA), Luke"]
[Black "Madsen  (DEN), Jens"]
[Result "0-1"]
[WhiteElo "2204"]
[BlackElo "2054"]
[PlyCount "98"]
[EventDate "2017.06.02"]
[SourceDate "2017.07.04"]
[SourceVersionDate "2017.07.04"]

1. e4 e5 2. Nf3 Nc6 3. Bb5 f5 4. d4 fxe4 5. Nxe5 Nf6 6. Bg5 Bd6 7. Nc4 Be7 8.
Ne3 d5 9. c3 O-O 10. Nd2 Be6 11. Bxc6 bxc6 12. b4 h6 13. Bh4 Qe8 14. Bg3 Bd6
15. Nb3 Nh5 16. Na5 Nf4 17. Bxf4 Bxf4 18. Qe2 Bd7 19. O-O-O Qg6 20. h3 Qxg2 21.
Rdg1 Bxe3+ 22. Qxe3 Qxf2 23. Qxh6 Qf4+ 24. Qxf4 Rxf4 25. Rg5 Rf5 26. Rhg1 Rxg5
27. Rxg5 Kf7 28. Rg3 Rh8 29. Kd2 Rh6 30. Ke3 Kf6 31. Ke2 g5 32. Ke3 Kg6 33. Kf2
Kh5 34. Kg2 Rf6 35. Re3 Kh4 36. a4 Rf3 37. Rxf3 exf3+ 38. Kf2 Kxh3 39. Nb3 g4
40. Nd2 g3+ 41. Kxf3 Bg4+ 42. Ke3 g2 43. Kf2 Kh2 44. Nf1+ gxf1=Q+ 45. Kxf1 Kg3
46. Ke1 Kf3 47. Kd2 Ke4 48. Kc2 Ke3 49. Kb3 Be2 0-1